| 000 | 01657nam a2200241Ia 4500 | ||
|---|---|---|---|
| 999 |
_c55100 _d55100 |
||
| 001 | 22175 | ||
| 003 | GE_BSU | ||
| 005 | 20221221161310.0 | ||
| 008 | 181216s2018||||ge |||||||||||||| ||geo|| | ||
| 040 | _cGE_BSU | ||
| 041 | _ageo | ||
| 080 | _a33 ჯ-29 | ||
| 100 |
_aჯახაია, ლელა _92658 |
||
| 245 |
_aაგრარული სექტორის ეკონომიკური პრობლემები და მისი დაძლევის პერსპექტივები (აჭარის მაგალითზე) / _cლელა ჯახაია; სამეცნ. ხელ-ლი მ. ცეცხლაძე., ნ. ჩიხლაძე; ბათუმის შოთა რუსთაველის სახ-ფო უნ-ტი. ეკონომიკისა და ბიზნესის ფაკულტეტი ეკონომიკის დეპარტამენტი. |
||
| 264 |
_aბათუმი, _c2018. |
||
| 300 |
_a190 გვ. ; _bნახ., _c30 სმ. |
||
| 653 | _aაგრარული სექტორის ეკონომიკური პრობლემები და მისი დაძლევის პერსპექტივები(აჭარის მაგალითზე) | ||
| 653 | _aდისერტაცია | ||
| 653 | _aეკონომიკა | ||
| 700 |
_aცეცხლაძე, მ. _eსამეცნ. ხელმძღვანელი _910746 |
||
| 700 |
_aჩიხლაძე, ნ. _eსამეცნ. ხელმძღვანელი _910747 |
||
| 942 |
_cDS _2udc |
||